000 00494nam a2200169Ia 4500
008 090711s9999 xx 000 0 und d
082 _b79665
100 _aगस्ती भीमराव
245 _aआक्रोश
260 _bराजहंस प्रकाशन
_c1993
300 _a391
600 _aगस्ती भीमराव
630 _aआक्रोश
700 _aगस्ती भीमराव
730 _aआक्रोश
942 _cBOOK
999 _c330046
_d330046